Distant companions : selected papers /

This volume contains fourteen papers on Greek literature, historiography and philosophy. Its titles seeks to bring out the author's intention to explore the consequences of the paradox that goes with interpreting messages that were never meant to be heard by us, but are nevertheless widely beli...

وصف كامل

محفوظ في:

المؤلف الرئيسي: Sicking, C. M. J.

التنسيق: كتاب الكتروني

اللغة: English
Dutch

منشور في: Leiden, The Netherlands ; Boston, Mass. : Brill, 1998.

سلاسل: Mnemosyne, Supplements 185.
Mnemosyne Supplements Online, Volumes 1-203, ISBN: 9789004381049.

الموضوعات:

الوصول للمادة أونلاين: Login to view Source

الوسوم: إضافة وسم

لا توجد وسوم, كن أول من يضع وسما على هذه التسجيلة!

رقم الطلب: PA27 .S56 1998

LEADER 03441cam a2200517Ii 4500
001 BRILL9789004351455
003 nllekb
005 20230529211335.0
006 m d
007 cr un uuuua
008 980407s1998 ne sb 001 0 eng d
010 |a  98020024 
020 |a 9789004351455  |q (electronic book) 
020 |z 9789004110540  |q (print) 
024 7 |a 10.1163/9789004351455  |2 DOI 
035 |a (OCoLC)38964208  |z (OCoLC)150830530  |z (OCoLC)1001186592 
040 |a NL-LeKB  |c NL-LeKB  |e rda 
041 0 |a eng  |a dut 
043 |a e-gr--- 
050 4 |a PA27  |b .S56 1998 
072 7 |a PA  |2 lcco 
072 7 |a DSBB  |2 bicssc 
072 7 |a LIT011000  |2 bisacsh 
082 0 4 |a 880.9  |2 21 
100 1 |a Sicking, C. M. J. 
245 1 0 |a Distant companions :  |b selected papers /  |c by C.M.J. Sicking. 
264 1 |a Leiden, The Netherlands ;  |a Boston, Mass. :  |b Brill,  |c 1998. 
300 |a 1 online resource (268 pages) 
336 |a text  |b txt  |2 rdacontent 
337 |a computer  |b c  |2 rdamedia 
338 |a online resource  |2 rdacarrier 
490 1 |a Mnemosyne, bibliotheca classica Batava. Supplementum ;  |v 185 
504 |a Includes bibliographical references (p. 259-264) and index. 
505 0 0 |a Preliminary Material -- Introduction -- Solon On Wealth -- Pindar's First Olympian -- Oedipus and Tiresias -- Aristotle and Sophocles' Electra -- Admetus' Case -- Jason's Case -- Aristophanes Laetus? -- Pre-platonic, Platonic and Aristotelian Poetics of Imitation -- Plutarch's Literary Theory -- Pericles' Funeral Oration And Last Speech as Political Documents -- Aristotle and Herodotus -- Lucian, Cicero and Historiography -- Homo or Philosophus Mensura? -- Plato's Protagoras: A 'Battle of Wits'? -- The Classicists' Nostalgia -- Cobet -- Bibliographical References -- Index Locorum -- Supplements to Mnemosyne by J. M. Bremer , L. F. Janssen , H. Pinkster , H. W. Pleket , C. J. Ruijgh and P. H. Schrijvers. 
506 |a Available to subscribing member institutions only. 
520 |a This volume contains fourteen papers on Greek literature, historiography and philosophy. Its titles seeks to bring out the author's intention to explore the consequences of the paradox that goes with interpreting messages that were never meant to be heard by us, but are nevertheless widely believed to be significant to our understanding of our own historical situation: only by conscientiously measuring the distance that separates us from the Greeks may we hope to avoid the risk of conforming them to current standards and beliefs, and of throwing away in the process both the possibility to understand them and the relevance such an understanding may have to our own ideas and prejudices. Two papers on the history of classical scholarship discuss various ways in which classicists have handled this paradox. 
559 4 |a PA27 .S56 1998 
650 0 |a Greek philology. 
650 7 |a Greek philology.  |2 fast 
776 0 8 |i Online version:  |a Sicking, C.M.J.  |t Distant companions.  |d Leiden, The Netherlands ; Boston, Mass. : Brill, 1998  |w (OCoLC)632287004 
830 0 |a Mnemosyne, Supplements  |v 185. 
830 0 |a Mnemosyne Supplements Online, Volumes 1-203, ISBN: 9789004381049. 
856 4 |z DOI:   |u http://dx.doi.org/10.1163/9789004351455 
942 |2 lcc  |c EBOOK 
952 |0 0  |1 0  |2 lcc  |4 0  |6 PA0027 S56 01998  |7 1  |9 48323  |a BRILL  |b BRILL  |d 2023-05-29  |l 0  |o PA27 .S56 1998  |r 2023-05-29 00:00:00  |w 2023-05-29  |y EBOOK 
999 |c 53667  |d 53667